10 Northernmost U.S. State Capitals - Statistics

General Stats
  • This quiz has been taken 35,807 times
  • The average score is 8 of 10
Answer Stats
Latitude Capital City % Correct
58°22'N Juneau
91%
46°58'N Olympia
85%
46°36'N Helena
79%
44°19'N Augusta
78%
43°34'N Boise
78%
46°46'N Bismarck
77%
44°53'N St. Paul
74%
44°25'N Montpelier
67%
44°55'N Salem
66%
44°23'N Pierre
65%
No matching quizzes found
Score Distribution
Percent of People with Each Score
Percentile by Number Answered
Your Score History
You have not taken this quiz